Chiaravalle (Record no. 5990)

MARC details
000 -CABECERA
campo de control de longitud fija 00836nam a2200241 a 4500
001 - NÚMERO DE CONTROL
campo de control BRCA_6304
005 - FECHA Y HORA DE LA ÚLTIMA TRANSACCIÓN
campo de control 20190320205415.0
008 - DATOS DE LONGITUD FIJA--INFORMACIÓN GENERAL
campo de control de longitud fija 161112s1992----it-a######---#000-0#ita-u
041 ## - CÓDIGO DE LENGUA
Código de lengua del texto/banda sonora o título independiente ita
044 ## - CÓDIGO DEL PAÍS DE LA ENTIDAD EDITORA/PRODUCTORA
Código MARC del país it
050 #4 - SIGNATURA TOPOGRÁFICA DE LA BIBLIOTECA DEL CONGRESO
Número de clasificación NA5621.M6
Número de documento/Ítem .T66 1992
100 1# - ENTRADA PRINCIPAL--NOMBRE DE PERSONA
Nombre de persona Tomea, Paolo,
Fechas asociadas al nombre 1945-
9 (RLIN) 15813
245 10 - MENCIÓN DE TÍTULO
Título Chiaravalle
Resto del título arte e storia di un´abbazia cistercense
Mención de responsabilidad, etc. a cura di Paolo Tomea.
260 ## - PUBLICACIÓN, DISTRIBUCIÓN, ETC.
Lugar de publicación, distribución, etc. Milán
Nombre del editor, distribuidor, etc. Electa
Fecha de publicación, distribución, etc. 1992
300 ## - DESCRIPCIÓN FÍSICA
Extensión 502 p.
Otras características físicas il. (algunas a color), mapas
Dimensiones 29 cm.
Material acompañante/anejo 1 díptico en inglés
500 ## - NOTA GENERAL
Nota general Incluye índice de nombres e índice de lugares
500 ## - NOTA GENERAL
Nota general Colección Sonia Corcuera de Mancera
610 24 - PUNTO DE ACCESO ADICIONAL DE MATERIA--NOMBRE DE ENTIDAD CORPORATIVA
Nombre de entidad corporativa o nombre de jurisdicción como elemento de entrada Santa Maria de Clairvaux
Subdivisión general Historia
9 (RLIN) 15814
650 14 - PUNTO DE ACCESO ADICIONAL DE MATERIA--TÉRMINO DE MATERIA
Término de materia o nombre geográfico como elemento de entrada Arquitectura cisterciense
Subdivisión geográfica Italia
9 (RLIN) 15815
651 #4 - PUNTO DE ACCESO ADICIONAL DE MATERIA--NOMBRE GEOGRÁFICO
Nombre geográfico Milán (Italia)
Subdivisión general Edificios, estructuras, etc.
9 (RLIN) 15816
902 ## - CATALOGADOR
Iniciales DSC
942 ## - ELEMENTOS DE PUNTO DE ACCESO ADICIONAL (KOHA)
Fuente del sistema de clasificación o colocación Library of Congress Classification
Tipo de ítem Koha Libros
Holdings
Estado de retiro Estado de pérdida Estado dañado No para préstamo Localización permanente Ubicación/localización actual Fecha de adquisición Total de préstamos Signatura topográfica completa Código de barras Fecha visto por última vez Precio válido a partir de Tipo de ítem Koha
El ejemplar forma parte de la colección y puede ser consultado según las políticas vigentes.       Biblioteca del Museo Franz Mayer (Rogerio Casas-Alatriste) Biblioteca del Museo Franz Mayer (Rogerio Casas-Alatriste) 04/08/2011   NA5621.M6 .T66 1992 DSC00130 22/03/2019 22/03/2019 Libros